000
00312nam a2200133Ia 4500
008
191201s2012 xx 000 0 und d
100
_a
DWIVEDI, D N
245
0
_a
Managerial Economics
250
_a
Rep
260
_c
2012
_b
Vikas Publication House
_a
N. Delhi
300
_a
704
650
_a
MBA
942
_2
ddc
_c
BB
999
_c
7554
_d
7554